Online Catalogue and eLibrary

Janatha vimukthi peramuna : (Record no. 2398)

MARC details
000 -LEADER
fixed length control field 00453nam a2200169Ia 4500
005 - DATE AND TIME OF LATEST TRANSACTION
control field 20250612015511.0
008 - FIXED-LENGTH DATA ELEMENTS--GENERAL INFORMATION
fixed length control field 240331s9999 xx 000 0 und d
020 ## - INTERNATIONAL STANDARD BOOK NUMBER
ISBN 9559123386
082 ## - DDC Classification
Item Number - Author Mark RAT
Class No. 322
100 ## - MAIN ENTRY--PERSONAL NAME
Personal name Ratnayaka, K
245 #0 - TITLE STATEMENT
Title Janatha vimukthi peramuna :
Remainder of title radical wadaya sita facistwadaya dakwa
260 ## - PUBLICATION, DISTRIBUTION, ETC.
Place of publication, distribution, etc. Colombo
Name of publisher, distributor, etc. Worker's Pathway Publishers
Date of publication, distribution, etc. 1997
300 ## - PHYSICAL DESCRIPTION
Extent (e.g. Volumes, Pages etc.) 80 p .,
650 ## - SUBJECT ADDED ENTRY--TOPICAL TERM
Topical term or geographic name entry element Radicalisum
650 ## - SUBJECT ADDED ENTRY--TOPICAL TERM
Topical term or geographic name entry element fascism
942 ## - Koha item type (Biblio)
Koha item type Books in Stacks (Lending)
Holdings
Lost status Damaged status Collection code Home library Current library Shelving location Date acquired Full call number Accession Number Item type
    Lending WERC Library WERC Library Social Science Cupboard 03/31/2024 322.42 RAT 2648 Books in Stacks (Lending)

© WERC Library